|
|
|
|
| LEADER |
00750nam a22002412a 4500 |
| 001 |
000927329 |
| 003 |
CZ BrMZK |
| 005 |
20090119094600.0 |
| 007 |
ta |
| 008 |
090119s1982 xo a er|||||||||||cze d |
| 040 |
|
|
|a ABA001
|b cze
|c ABA001
|d ABA001
|
| 100 |
1 |
|
|a Tomčík, Vladimír,
|d 1950-
|7 xx0061098
|4 aut
|
| 245 |
1 |
0 |
|a Dvanásť grafík Igora Rumanského /
|c Vladimír Tomčík
|
| 250 |
|
|
|a 1. vyd.
|
| 260 |
|
|
|a Bratislava :
|b Tatran,
|c 1982
|
| 300 |
|
|
|a 16 s. :
|b 13 čb. reprod. (volné listy)
|
| 490 |
1 |
|
|a Albumy ;
|v zv. 11
|
| 830 |
|
0 |
|a Albumy
|
| 910 |
|
|
|a BOA001
|b 4-0847.259
|
| 964 |
|
|
|a Rumanský, Igor - grafika
|
| 990 |
|
|
|a BK
|
| 991 |
|
|
|b 200901
|
| 996 |
6 |
|
|b BC-666303
|c 4-0847.259
|l MZK
|r Sklad / do 1 hodiny
|n 0
|w 000927329
|u 000010
|a 1
|e BOA001
|j MZK50
|s P
|